Finance pro nefinančníky

Gespeichert in:
Bibliographische Detailangaben
1. Verfasser: Cooke, Robert A.
Weitere Verfasser: Volák, Jindřich
Format: Buch
Sprache:Tschechisch
Veröffentlicht: Praha Alfa Publishing 2006
Schriftenreihe:Management praxe
Schlagworte:
Tags: Tag hinzufügen
Keine Tags, Fügen Sie das erste Tag hinzu!

MARC

LEADER 00000nam$a2200000$$$4500
001 0054646
005 20240313085758.3
020 |a 80-86851-40-0 
041 0 |a cze 
044 |a CZ 
245 1 0 |a Finance pro nefinančníky  |c Robert A. Cooke ; [překlad Jindřich Volák] 
264 1 |a Praha  |b Alfa Publishing  |c 2006 
300 |a 289 s. 
490 1 |a Management praxe 
830 0 |a Management praxe 
610 2 0 |a financie 
610 2 0 |a financie podnikové 
610 2 0 |a rozhodovanie finančné 
610 2 0 |a účtovníctvo 
610 2 0 |a výnosy 
610 2 0 |a náklady 
610 2 0 |a výdavky 
610 2 0 |a majetok dlhodobý 
610 2 0 |a nákup 
610 2 0 |a súvaha 
610 2 0 |a kapitál vlastný 
610 2 0 |a rozpočty 
610 2 0 |a plán finančný 
610 2 0 |a analýza finančná 
610 2 0 |a audit 
100 1 |a Cooke, Robert A. 
700 1 |a Volák, Jindřich